Statistics for Pokémon Locations: Hoenn

Click here to take the quiz!

General Stats

  • This quiz has been taken 27 times
    (26 since last reset)
  • The average score is 52 of 81

Answer Stats

HintLocation% Correct
City/TownPetalburg City
86%
RouteRoute 101
86%
RouteRoute 102
86%
RouteRoute 103
86%
RouteRoute 104
86%
RouteRoute 105
86%
RouteRoute 106
86%
RouteRoute 107
86%
RouteRoute 108
86%
RouteRoute 109
86%
RouteRoute 110
86%
RouteRoute 111
86%
RouteRoute 112
86%
RouteRoute 113
86%
RouteRoute 114
86%
RouteRoute 115
86%
RouteRoute 116
86%
RouteRoute 117
86%
Route2Route 118
86%
Route2Route 119
86%
Route2Route 120
86%
Route2Route 121
86%
Route2Route 122
86%
Route2Route 123
86%
Route2Route 124
86%
Route2Route 125
86%
Route2Route 126
86%
Route2Route 127
86%
Route2Route 128
86%
Route2Route 129
86%
Route2Route 130
86%
Route2Route 131
86%
Route2Route 132
86%
Route2Route 133
86%
Route2Route 134
86%
City/TownDewford Town
81%
City/TownEver Grande City
81%
City/TownLilycove City
81%
City/TownLittleroot Town
81%
City/TownPacifidlog Town
81%
City/TownLavaridge Town
76%
City/TownMossdeep City
76%
Cave/MountainMt. Chimney
76%
City/TownRustboro City
76%
City/TownSlateport City
76%
City/TownSootopolis City
76%
City/TownFallarbor Town
71%
City/TownMauville City
71%
Cave/MountainMeteor Falls
71%
City/TownOldale Town
71%
City/TownVerdanturf Town
71%
City/TownFortree City
67%
Cave/MountainMt. Pyre
67%
POINew Mauville
62%
Cave/MountainGranite Cave
52%
Cave/MountainRusturf Tunnel
52%
Cave/MountainShoal Cave
52%
POISky Pillar
52%
POIPetalburg Woods
48%
Cave/MountainSeafloor Cavern
48%
Cave/MountainJagged Pass
43%
IslandBattle Frontier/Battle Resort
38%
Cave/MountainCave of Origin
38%
POISea Mauville
38%
POIAbandoned Ship
33%
POISafari Zone
33%
Cave/MountainScorched Slab
33%
Cave/MountainDesert Ruins
29%
Cave/MountainAncient Tomb
24%
Cave/MountainIsland Cave
24%
POIMirage Tower
24%
IslandSouthern Island
24%
Cave/MountainTerra Cave
24%
Cave/MountainMarine Cave
19%
Cave/MountainSealed Chamber
19%
Cave/MountainDesert Underpass
10%
IslandSecret Isle
10%
POISecret Meadow
5%
POISecret Shore
5%
POITrainer Hill
5%
Cave/MountainArtisian Cave
0%

Score Distribution

Percentile by Number Answered

Percent of People with Each Score

Your Score History

You have not taken this quiz since the last reset